Plagas: control biológico y monitoreo
Salvato in:
| Autore principale: | |
|---|---|
| Natura: | Libro |
| Lingua: | spagnolo |
| Pubblicazione: |
Quillota, Chile:
Xilema Biocontrol,
2000
|
| Soggetti: | |
| Tags: |
Aggiungi Tag
Nessun Tag, puoi essere il primo ad aggiungerne!!
|
MARC
| LEADER | 00000cam a2200000 a 4500 | ||
|---|---|---|---|
| 001 | UCL5225 | ||
| 003 | CL-VaPUC | ||
| 005 | 20230621074145.0 | ||
| 008 | 040305e20000000CL |||||||||||||||||spa|d | ||
| 999 | |c 307879 |d 307877 | ||
| 040 | |c Pontificia Universidad Católica de Valparaíso | ||
| 082 | 0 | 4 | |a 634.6539 LOP 2000 |2 21 |
| 100 | |a López Laport, Eugenio Francisco |e autor |9 784359 | ||
| 245 | 1 | 0 | |a Plagas: control biológico y monitoreo |
| 260 | |a Quillota, Chile: |b Xilema Biocontrol, |c 2000 | ||
| 300 | |a pág. irreg | ||
| 500 | |a c.9-12 Donación Btca Agronomía. | ||
| 583 | |a last modification |c 20151230 03:21:08 |k Rodrigo Vera | ||
| 650 | 0 | |a Enfermedades de las plantas |9 259687 | |
| 650 | 7 | |a INSECTOS PLAGA |2 CL-VaPUC |9 482960 | |
| 650 | 0 | |a Palta (Aguacate) |9 403461 | |
| 650 | 0 | |a Persea americana |9 403599 | |
| 650 | 0 | |a Control de plagas |9 327373 | |
| 942 | |c BK |2 ddc | ||
| 945 | |d 20040305 00:00:00 |a cmena | ||
| 952 | |0 0 |1 0 |4 0 |6 634_653900000000000_LOP_2000 |7 0 |8 A |9 374022 |a BIBAGR |b BIBAGR |d 2019-11-21 |i 3927385 |o 634.6539 LOP 2000 |p 3927385 |r 2025-01-20 |w 2019-11-21 |y BK |k AGR | ||
| 952 | |0 0 |1 0 |4 0 |6 634_653900000000000_LOP_2000 |7 0 |8 A |9 374023 |a BIBAGR |b BIBAGR |d 2019-11-21 |i 3927350 |o 634.6539 LOP 2000 |p 3927350 |r 2025-01-20 |w 2019-11-21 |y BK |k AGR | ||
| 952 | |0 0 |1 0 |4 0 |6 634_653900000000000_LOP_2000 |7 0 |8 A |9 374024 |a BIBAGR |b BIBAGR |d 2019-11-21 |i 3927369 |o 634.6539 LOP 2000 |p 3927369 |r 2025-01-20 |w 2019-11-21 |y BK |k AGR | ||
| 952 | |0 0 |1 0 |4 0 |6 634_653900000000000_LOP_2000 |7 0 |8 A |9 374025 |a BIBAGR |b BIBAGR |d 2019-11-21 |i 3927377 |o 634.6539 LOP 2000 |p 3927377 |r 2025-01-20 |w 2019-11-21 |y BK |k AGR | ||
| 952 | |0 0 |1 0 |3 ean |4 0 |6 634_653900000000000_LOP_2000 |7 0 |8 A |9 374028 |a BIBAGR |b BIBAGR |i 525969K |l 2 |o 634.6539 LOP 2000 |p 525969K |r 2025-01-20 |s 2022-10-26 |w 2019-11-21 |y BK |z Catalogado en:20151231 |k AGR | ||
| 952 | |0 0 |1 0 |3 ean |4 0 |6 634_653900000000000_LOP_2000 |7 0 |8 A |9 374029 |a BIBAGR |b BIBAGR |i 5259681 |o 634.6539 LOP 2000 |p 5259681 |r 2025-01-20 |w 2019-11-21 |y BK |z Catalogado en:20151231 |k AGR | ||
| 952 | |0 0 |1 0 |3 ean |4 0 |6 634_653900000000000_LOP_2000 |7 0 |8 A |9 374030 |a BIBAGR |b BIBAGR |i 5259673 |o 634.6539 LOP 2000 |p 5259673 |r 2025-01-20 |w 2019-11-21 |y BK |z Catalogado en:20151231 |k AGR | ||
| 952 | |0 0 |1 0 |3 ean |4 0 |6 634_653900000000000_LOP_2000 |7 0 |8 A |9 374031 |a BIBAGR |b BIBAGR |i 5259665 |o 634.6539 LOP 2000 |p 5259665 |r 2025-01-20 |w 2019-11-21 |y BK |z Catalogado en:20151231 |k AGR | ||
| 952 | |0 0 |1 0 |2 ddc |4 0 |6 634_653900000000000_LOP_2000 |7 0 |8 A |9 582325 |a BIBAGR |b BIBAGR |c GEN |d 2022-03-31 |e Donación |i 5650510 |o 634.6539 LOP 2000 |p 5650510 |r 2025-01-20 |t 9 |w 2022-03-31 |y BK |k AGR | ||
| 952 | |0 0 |1 0 |2 ddc |4 0 |6 634_653900000000000_LOP_2000 |7 0 |8 A |9 582326 |a BIBAGR |b BIBAGR |c GEN |d 2022-03-31 |e Donación |i 5650511 |l 1 |o 634.6539 LOP 2000 |p 5650511 |r 2025-01-20 |s 2022-10-26 |t 10 |w 2022-03-31 |y BK |k AGR | ||
| 952 | |0 0 |1 0 |2 ddc |4 0 |6 634_653900000000000_LOP_2000 |7 0 |8 A |9 582327 |a BIBAGR |b BIBAGR |c GEN |d 2022-03-31 |e Donación |i 5650512 |o 634.6539 LOP 2000 |p 5650512 |r 2025-01-20 |t 11 |w 2022-03-31 |y BK |k AGR | ||
| 952 | |0 0 |1 0 |2 ddc |4 0 |6 634_653900000000000_LOP_2000 |7 0 |8 A |9 582328 |a BIBAGR |b BIBAGR |c GEN |d 2022-03-31 |e Donación |i 5650513 |l 2 |o 634.6539 LOP 2000 |p 5650513 |r 2025-04-03 |s 2025-03-20 |t 12 |w 2022-03-31 |y BK |k AGR | ||